[Event "UKR-ch U16 Girls"]
[Site "Vinnytsia"]
[Date "2018.03.15"]
[Round "10"]
[White "Biliak, Viktoria"]
[Black "Kyrychenko, Svitlana"]
[Result "1-0"]
[WhiteElo "1565"]
[BlackElo "1646"]
[PlyCount "63"]
[EventDate "2018.03.07"]
[EventType "tourn"]
[EventRounds "11"]
[EventCountry "UKR"]
[SourceTitle "CBM 183 Extra"]
[Source "ChessBase"]
[SourceDate "2018.04.19"]
[SourceVersion "1"]
[SourceVersionDate "2018.04.19"]
[SourceQuality "1"]

1. d4 Nf6 2. Nf3 b6 3. Bf4 Bb7 4. e3 Nh5 5. Bg3 Nxg3 6. hxg3 e6 7. Nbd2 Be7 8. Be2 d6 9. c3 Nd7 10. Qc2 h6 11. 0-0-0 a6 12. Rhe1 b5 13. Nb3 c6 14. e4 Qb6 15. Bd3 Rc8 16. e5 d5 17. Qe2 a5 18. Kb1 a4 19. Nc1 Ba6 20. b4 axb3 21. axb3 c5 22. Qb2 c4 23. Be2 b4 24. bxc4 dxc4 25. Nd2 Qc7 26. Na2 bxc3 27. Qxc3 Rb8+ 28. Kc2 Qc6 29. Qa5 Bb5 30. Nc3 0-0 31. Bf3 Qa6 32. Ra1 1-0

[Event "UKR-ch U16 Girls"]
[Site "Vinnytsia"]
[Date "2018.03.14"]
[Round "9"]
[White "Kyrychenko, Svitlana"]
[Black "Dubovyk, Anastasiia"]
[Result "0-1"]
[WhiteElo "1646"]
[BlackElo "1797"]
[PlyCount "78"]
[EventDate "2018.03.07"]
[EventType "tourn"]
[EventRounds "11"]
[EventCountry "UKR"]
[SourceTitle "CBM 183 Extra"]
[Source "ChessBase"]
[SourceDate "2018.04.19"]
[SourceVersion "1"]
[SourceVersionDate "2018.04.19"]
[SourceQuality "1"]

1. d4 Nf6 2. Nf3 g6 3. b3 Bg7 4. Bb2 0-0 5. g3 d6 6. Bg2 Nbd7 7. 0-0 c6 8. c4 Qc7 9. Nc3 Rd8 10. e4 e5 11. d5 c5 12. Qe2 Nf8 13. a3 Bd7 14. h3 a6 15. Bc1 b5 16. Bd2 Rdb8 17. Nh4 b4 18. axb4 cxb4 19. Na4 a5 20. Rfc1 Bxa4 21. Rxa4 N6d7 22. Ra2 Nc5 23. Qd1 a4 24. bxa4 b3 25. Ra3 Rxa4 26. Rxa4 Nxa4 27. Nf3 Nd7 28. Qe2 b2 29. Rb1 Ndb6 30. Bf1 Rc8 31. Ba5 Ra8 32. Bxb6 Qxb6 33. Qc2 Qb4 34. Ne1 Rb8 35. Nd3 Qa3 36. Be2 f5 37. f3 Bh6 38. Bd1 fxe4 39. Nf2 Nc3 0-1

[Event "UKR-ch U16 Girls"]
[Site "Vinnytsia"]
[Date "2018.03.09"]
[Round "4"]
[White "Kyrychenko, Svitlana"]
[Black "Stepaniuk, Karina"]
[Result "1-0"]
[WhiteElo "1646"]
[BlackElo "1644"]
[PlyCount "60"]
[EventDate "2018.03.07"]
[EventType "tourn"]
[EventRounds "11"]
[EventCountry "UKR"]
[SourceTitle "CBM 183 Extra"]
[Source "ChessBase"]
[SourceDate "2018.04.19"]
[SourceVersion "1"]
[SourceVersionDate "2018.04.19"]
[SourceQuality "1"]

1. d4 Nf6 2. g3 e6 3. Bg2 d5 4. Nf3 c5 5. 0-0 Nc6 6. c4 dxc4 7. dxc5 Qxd1 8. Rxd1 Bxc5 9. Nbd2 c3 10. bxc3 0-0 11. Nb3 Bb6 12. Ba3 Re8 13. Nfd4 Nxd4 14. Nxd4 Nd5 15. Nb5 Rd8 16. c4 Nf6 17. Nd6 Rb8 18. c5 Ba5 19. Rab1 b5 20. c6 Bc7 21. Bc5 a6 22. a4 e5 23. axb5 axb5 24. Nb7 Rxd1+ 25. Rxd1 Bxb7 26. cxb7 e4 27. Bd6 Rd8 28. Bh3 Bxd6 29. Rxd6 Rb8 30. Rc6 Ra8 1-0

[Event "UKR-ch U16 Girls"]
[Site "Vinnytsia"]
[Date "2018.03.07"]
[Round "1"]
[White "Hrebenshchykova, Yelyzaveta"]
[Black "Kyrychenko, Svitlana"]
[Result "1-0"]
[WhiteElo "1783"]
[BlackElo "1646"]
[PlyCount "141"]
[EventDate "2018.03.07"]
[EventType "tourn"]
[EventRounds "11"]
[EventCountry "UKR"]
[SourceTitle "CBM 183 Extra"]
[Source "ChessBase"]
[SourceDate "2018.04.19"]
[SourceVersion "1"]
[SourceVersionDate "2018.04.19"]
[SourceQuality "1"]

1. e4 e5 2. Nf3 Nc6 3. Bb5 a6 4. Ba4 Nf6 5. d3 d6 6. c3 Be7 7. 0-0 0-0 8. Re1 b5 9. Bc2 Nb8 10. a4 Bb7 11. Nbd2 Re8 12. Nf1 Bf8 13. Ng3 g6 14. d4 Nbd7 15. Qe2 c6 16. dxe5 dxe5 17. h3 Qc7 18. Be3 Nb6 19. b3 Nfd7 20. Nd2 Nc5 21. Ngf1 Bc8 22. f3 Ne6 23. g3 Ng7 24. Kg2 f5 25. Bf2 Nd7 26. Ne3 Nf6 27. c4 b4 28. Ndf1 Ne6 29. exf5 Nd4 30. Qd2 gxf5 31. Nd1 Nxc2 32. Qxc2 f4 33. g4 e4 34. fxe4 Nxg4 35. hxg4 Bxg4 36. Nh2 Qg7 37. Kh1 Qxa1 38. Nxg4 Qg7 39. Rg1 Kf7 40. e5 Qg6 41. Qxg6+ hxg6 42. Bb6 Rab8 43. c5 Bg7 44. Bc7 Rb7 45. Bd6 Ke6 46. Ndf2 Kf5 47. Kg2 Rh8 48. Kf3 g5 49. Re1 Re8 50. Rh1 Rh8 51. Re1 Re8 52. Kg2 a5 53. Kf3 Rd7 54. Ne4 Rh8 55. Nef2 Re8 56. Kg2 Rb7 57. Nh2 Bf8 58. Nf3 Bxd6 59. Nd4+ Kg6 60. cxd6 c5 61. Nb5 Kf5 62. Nd3 Rh7 63. Nxc5 Reh8 64. Nd4+ Kg4 65. Nf3 Rh3 66. Ne4 Kf5 67. Nexg5 Rg3+ 68. Kf2 Rxg5 69. Nxg5 Kxg5 70. d7 Kg4 71. Rd1 1-0